书目信息 |
| 题名: |
机电设备概论
|
|
| 作者: | 刘成志 主编 | |
| 分册: | ||
| 出版信息: | 北京 机械工业出版社 2008 |
|
| 页数: | 85页 | |
| 开本: | 26cm | |
| 丛书名: | ||
| 单 册: | ||
| 中图分类: | TM-43 | |
| 科图分类: | ||
| 主题词: | 机电设备--中等专业教育--教材 , 机电设备 | |
| 电子资源: | ||
| ISBN: | 978-7-111-23128-8 | |
| 000 | 00828nam0 2200253 450 | |
| 001 | 012015000635 | |
| 005 | 20150914104344.57 | |
| 010 | @a978-7-111-23128-8@dCNY13.00 | |
| 100 | @a20080529d2008 em y0chiy50 ea | |
| 101 | 0 | @achi |
| 102 | @aCN@b110000 | |
| 105 | @aa z 000yy | |
| 106 | @ar | |
| 200 | 1 | @a机电设备概论@Aji dian she bei gai lun@f刘成志主编 |
| 210 | @a北京@c机械工业出版社@d2008 | |
| 215 | @a85页@c图@d26cm | |
| 300 | @a中等职业教育“十一五”规划教材 机电技术应用专业 | |
| 330 | @a本书内容包括:机电设备基本知识,典型机电设备的构成、工作原理、安装、调试、维护常识、常见故障现象和安全使用规范。 | |
| 606 | 0 | @a机电设备@x中等专业教育@j教材 |
| 606 | 0 | @a机电设备 |
| 690 | @aTM-43@v5 | |
| 701 | 0 | @a刘成志@Aliu cheng zhi@c(教师)@4主编 |
| 801 | 0 | @aCN@b碧洲教育@c20150718 |
| 905 | @a10447@f4@dTM-43@e72 | |
| 机电设备概论/刘成志主编.-北京:机械工业出版社,2008 |
| 85页:图;26cm |
| 中等职业教育“十一五”规划教材 机电技术应用专业 |
| ISBN 978-7-111-23128-8:CNY13.00 |
| 本书内容包括:机电设备基本知识,典型机电设备的构成、工作原理、安装、调试、维护常识、常见故障现象和安全使用规范。 |
| ● |
| 相关链接 |
|
|
|
|
正题名:机电设备概论
索取号:TM-43/72
 
预约/预借
| 序号 | 登录号 | 条形码 | 馆藏地/架位号 | 状态 | 备注 |
| 1 | 0848623 | 208486235 | 第二样本阅览室/ [索取号:TM-43/72] | 在馆 | |
| 2 | 0848624 | 208486244 | 密集书库-物理学院/ [索取号:TM-43/72] | 在馆 | |
| 3 | 0848625 | 208486253 | 第三借阅区/ [索取号:TM-43/72] | 在馆 | |
| 4 | 0848626 | 208486262 | 第三借阅区/ [索取号:TM-43/72] | 在馆 |